| 000 | 01136cam a2200325 a 4500 | ||
|---|---|---|---|
| 999 |
_c10481 _d10481 |
||
| 001 | 13054090 | ||
| 003 | EG-ScBUE | ||
| 005 | 20201124142655.0 | ||
| 008 | 030110t2004 caua f bd 001 0 eng d | ||
| 020 | _a0534606601 (student ed.) | ||
| 035 | _a(OCoLC)ocm54510295 | ||
| 040 |
_aTBS _beng _erda _cTBS _dCSG _dDLC _dEG-ScBUE |
||
| 082 | 0 | 4 |
_a808.51 _bMET _222 |
| 245 | 1 | 0 |
_aBuilding a speech / _cSheldon Metcalfe, Community College of Baltimore County, Catonsville Campus. |
| 250 | _aFifth edition. | ||
| 264 | 1 |
_aBelmont, CA : _bThomson/Wadsworth Learning, _c[2004] |
|
| 264 | 4 | _cc 2004 | |
| 300 |
_axxi, 400 pages : _billustrations ; _c25 cm |
||
| 336 |
_2rdacontent _atext _btxt |
||
| 337 |
_2rdamedia _aunmediated _bn |
||
| 338 |
_2rdacarrier _avolume _bnc |
||
| 500 | _aIncludes glossary. | ||
| 504 | _aIncludes bibliographical references and index. | ||
| 590 | _aamira yasser | ||
| 650 | 7 |
_aPublic speaking. _2BUEsh |
|
| 653 |
_bHHUUEENN _cJanuary2020 |
||
| 655 |
_vReading book _934232 |
||
| 942 |
_2ddc _cBB |
||